header

Transition and development in China (Record no. 554)

MARC details
000 -LEADER
fixed length control field 01367nam a2200349Ia 4500
100 1# - MAIN ENTRY--AUTHOR NAME
Personal name Chen, Yun.
245 10 - TITLE STATEMENT
Title Transition and development in China
260 ## - PUBLICATION, DISTRIBUTION, ETC. (IMPRINT)
Place of publication Hants, England ;
-- Burlington, VT :
Name of publisher Ashgate,
Year of publication c2008.
300 ## - PHYSICAL DESCRIPTION
Number of Pages [xvii], 407 p. :
Other physical details ill.
490 1# - SERIES STATEMENT
Series statement Transition and development
650 #0 - SUBJECT ADDED ENTRY--TOPICAL TERM
Topical Term Economic development
856 40 - ELECTRONIC LOCATION AND ACCESS
Uniform Resource Identifier http://site.ebrary.com/lib/rucke/Doc?id=10288732

No items available.

© 2026 Rongo University
Contact us: librarian | system librarian | Rongo university